Studia Historiae Oeconomicae Volume 20
Enregistré dans:
| Format: | Livre |
|---|---|
| Langue: | français anglais allemand |
| Publié: |
Poznan
Wydawnictwo naukowe Uniwersytetu im. Adama Mickiewicza w Poznaniu
1993
|
| Édition: | 1. ed. |
| Sujets: | |
| Tags: |
Pas de tags, Soyez le premier à ajouter un tag!
|
MARC
| LEADER | 00000nam a2200000 4500 | ||
|---|---|---|---|
| 001 | c014140 | ||
| 005 | 20250217084442.7 | ||
| 020 | |a 83-232-0381-4 | ||
| 041 | 0 | |a fre | |
| 041 | 0 | |a eng | |
| 041 | 0 | |a ger | |
| 044 | |a PL | ||
| 245 | 1 | 0 | |a Studia Historiae Oeconomicae |b Volume 20 |c Edit. Czeslaw Luczak, Jerzy Topolski, Witold Szulc |
| 250 | |a 1. ed. | ||
| 264 | 1 | |a Poznan |b Wydawnictwo naukowe Uniwersytetu im. Adama Mickiewicza w Poznaniu |c 1993 | |
| 300 | |a 376 s. | ||
| 610 | 2 | 0 | |a vývoj hospodársky |
| 610 | 2 | 0 | |a situácia hospodárska |
| 610 | 2 | 0 | |a dôchodok národný |
| 610 | 2 | 0 | |a kapitalizmus |
| 610 | 2 | 0 | |a kolonializmus |
| 610 | 2 | 0 | |a diskriminácia rasová |
| 610 | 2 | 0 | |a ekonomika vojnová |
| 610 | 2 | 0 | |a podmienky životné |
| 610 | 2 | 0 | |a Poľsko |